000 00604nam a22002171 4500
001 bimo0001344062
003 OSt
005 20160406083545.0
008 960722s1962 sp spa
035 _a(OCoLC)432718115
040 _cBMC
082 _a920
100 _937
_aVilla-Urrutia, Wenceslao Ramírez de Villa-Urrutia, Marqués de
245 1 0 _aCristina de Suecia
_cMarqués de Villa-Urrutia
250 _a6ª ed
260 0 _aMadrid
_bEspasa-Calpe
_c1962
300 _a153 p.
_c18 cm
490 0 _aAustral
_v57
600 _9235
_aCristina
_cReina de Suecia
942 _2ddc
_cBK
_hprozim
999 _c48
_d48